000 00403cam a2200145 4500
008 090202n 000 0 eng u
035 _a(Sirsi) a163940
050 _aDS 481.N 35 ZAK 1960
100 _a
245 _aA study of Nehru/
_cedited by Rafiq Zakaria
260 _aBombay:
_bA times of India publication,
_c1960
300 _axxiv, 478p.:
_bill
650 _aNehru
700 _aZakaria, Rafiq
999 _c110601
_d110601